000 00588nam a2200193 a 4500
001 000023547
005 20250512110523.0
008 101213s1972 ve a r 000 0 spa d
040 _aDO-SdBNP
_bspa
_cBNPHU
082 _a520
_bR838e
100 1 _aRossón, Francisco de,
_d1908-1971.
_948539
245 1 0 _aEse universo que nos rodea /
_cFrancisco de Rossón.
260 _aCaracas, Venezuela :
_bMonte Ávila Editores,
_c1972.
300 _a89, [2] p. :
_bil. ;
_c16 cm.
490 1 _acientífica
_v7
650 0 _aAstronomía
_925809
830 0 _acientífica ;
_v7
_925797
049 _aBNGR
999 _c23043
_d23043